| 000 | 00697cam a22002292 4500 | ||
|---|---|---|---|
| 001 | 0000001922 | ||
| 005 | 20151217151833.0 | ||
| 008 | 070329s xx 000 0 eng d | ||
| 020 |
_a032412125755 : _cKES 600 |
||
| 040 |
_aKABU _cKABU |
||
| 050 | 0 |
_aHD70 _b.U5G58 2002 |
|
| 100 | 1 |
_aGitman, Lawrence J. _@0000151021 |
|
| 245 | 1 | 4 |
_aThe Future of business / _cLawrence J. Gitman, Carl McDaniel. |
| 250 | _a4th ed. | ||
| 260 |
_aCincinnati, Ohio : _bSouth-Western, _c2002. |
||
| 300 | _axiii, 766 p. | ||
| 650 | 0 |
_aManagement _zUnited States. _@0000151022 |
|
| 700 | 1 |
_aMcDaniel, Carl. _@0000151023 |
|
| 908 | _a070329 | ||
| 950 | _@1 | ||
| 999 |
_c5519 _d5519 |
||